00572nam a2200157 4500001000700000003000900007007000300016008004100019100003900060245008300099260004900182300002200231852002100253999001900274952012100293137734ES-MaACLt|070214s1954 sp r ||||1| spa d1 aSalgueiro Costa, Andrés.910191113aLa Sagrada Eucaristía en la vida cristiana / cpor Andrés Salgueiro Costa. aMadrid : b[s. n.], c1954 (fImp. Avilista) a981 p. ; c16 cm. aES-MaACLjE-5202 c137734d137734 00104070aATENEOMbATENEOMcDEPO2d2008-01-17eSCl0oE-5202p1143331r2023-02-23 00:00:00w2023-02-23yMONOGRAFIA